Pathfinders : a history of Aboriginal trackers in NSW /

Bibliographic Details
Main Author: Bennett, Michael (Author)
Format: Book
Language:English
Published: Sydney : NewSouth Publishing, 2020.
Subjects:

MARC

Tag First Indicator Second Indicator Subfields
LEADER 00000cam a2200000 i 4500
001 in00004237613
005 20201021155615.0
008 191204s2020 xnaabf b 000 0 eng d
020 |a 1742236561  |q paperback 
020 |a 9781742236568  |q paperback 
035 |a (OCoLC)on1129163906 
040 |a YDX  |e rda  |c YDX  |d COO  |d BDX  |d TXA  |d UtOrBLW 
043 |a u-at-ne 
049 |a TXAM 
082 0 |a 994.4/0049915  |2 23 
090 |a DU123.4  |b .B46 2020 
100 1 |a Bennett, Michael,  |e author.  |0 http://id.loc.gov/authorities/names/n86801036 
245 1 0 |a Pathfinders :  |b a history of Aboriginal trackers in NSW /  |c Michael Bennett ; foreword by Bernadette Riley. 
264 1 |a Sydney :  |b NewSouth Publishing,  |c 2020. 
300 |a xii, 322 pages, 16 unnumbered pages of color plates :  |b illustrations, maps ;  |c 24 cm. 
336 |a text  |b txt  |2 rdacontent 
337 |a unmediated  |b n  |2 rdamedia 
338 |a volume  |b nc  |2 rdacarrier 
504 |a Includes bibliographical references and index. 
650 0 |a Aboriginal Australians  |z Australia  |z New South Wales  |x History. 
650 0 |a Tracking and trailing  |z Australia  |z New South Wales  |x History. 
650 0 |a Missing persons  |x Investigation  |z Australia  |z New South Wales  |x History. 
945 |a PromptCat 
948 |a cataloged  |b h  |c 2020/7/14  |d c  |e dmitchel  |f 3:20:10 pm 
994 |a C0  |b TXA 
999 f f |s 0cf3b030-2088-34b5-8824-f9f7261cf9b0  |i 88dbaa9d-5be4-3d90-9246-c5fb282fbde2  |t 0 
952 f f |p normal  |a Texas A&M University  |b College Station  |c Sterling C. Evans Library  |d Evans: Library Stacks  |t 0  |e DU123.4 .B46 2020  |h Library of Congress classification  |i unmediated -- volume  |m A14850789901 
998 f f |a DU123.4 .B46 2020  |t 0  |l Evans: Library Stacks